| 000 | 00938nam0a22002411 4500 | ||
|---|---|---|---|
| 001 | rc\2708409 | ||
| 005 | 20260407143817.0 | ||
| 035 | _a(NLR Aleph) 006836353 | ||
| 090 |
_a6598820 _c6598820 |
||
| 100 | _a20110915d1934 |||y0rusy50 ca | ||
| 101 | 0 | _arus | |
| 102 | _aRU | ||
| 105 | _aa z ||||| | ||
| 200 | 1 |
_aСтеклоочиститель, работающий с помощью вакуума выхлопных газов мотора _fНКТП СССР... "ВОТИ". Гос. завод автотракторных приборов "Автоприбор"... |
|
| 210 |
_a[Москва] _cтип. "Наука и просв." _d[1934] |
||
| 215 |
_a[2] с. _cил. _d26х18 см. |
||
| 710 | 0 | 2 |
_aВсесоюзный трест точной индустрии _9530841 _3RU\NLR\AUTH\8810016494 |
| 801 | 0 |
_aRU _bNLR _gpsbo |
|
| 801 | 1 |
_aRU _bELAR _2rusmarc |
|
| 852 |
_aNLR _j34-12/1396 |
||
| 942 | _cBOOK | ||
| 980 | _aNB | ||